| 000 | 00613nam a2200181 i 4500 | ||
|---|---|---|---|
| 001 | 64205 | ||
| 003 | ES-MaACL | ||
| 005 | 20230906165053.0 | ||
| 007 | t| | ||
| 008 | 031222s1970 sp ||||1| spa d | ||
| 100 | 1 |
_aFlinn, M. W. _951218 |
|
| 245 | 1 | 0 |
_aOrígenes de la revolución industrial / _cM.W. Flinn ; prólogo, Manuel Alonso Olea ; traducción, Juan de la Qquintana Oriol. |
| 260 |
_aMadrid : _bInstituto de Estudios Políticos, _c1970. |
||
| 300 |
_a192 p. ; _c21 cm. |
||
| 700 | 1 |
_aAlonso Olea, Manuel. _920374 |
|
| 700 | 1 |
_aQuintana Oriol, Juan de la. _994692 |
|
| 852 |
_aES-MaACL _jC-39727 _bR.75767 |
||
| 999 |
_c64205 _d64205 |
||